| 000 | 00809nam a22002777a 4500 | ||
|---|---|---|---|
| 001 | 0002904 | ||
| 003 | KOHA_MİRAKIL | ||
| 005 | 20260207001323.0 | ||
| 007 | ta | ||
| 008 | 090311b2007 tu |||gr||||#||||0|tur | | ||
| 020 | _a9752671012 | ||
| 040 |
_aTR-BiSEU _btur _cTR-BiSEU _erda |
||
| 041 | 0 | _atur | |
| 044 | _ctu | ||
| 050 |
_aD16.4 _b.Y56 2007 |
||
| 100 | 1 | _aYıldız, Hakkı Dursun. | |
| 245 | 1 |
_aMakaleler 2/ _cHakkı Dursun Yıldız ; Hakkı Dursun Yıldız; editör E. Semih Yalçın, Selçuk Duman. |
|
| 264 | 1 |
_aAnkara : _bBerikan Yayınevi _c2007 |
|
| 300 | _a3 c. | ||
| 336 |
_ametin _btxt _2rdacontent |
||
| 337 |
_aaracısız _bn _2rdamedia |
||
| 338 |
_acilt _bnc _2rdacarrier |
||
| 500 | _aKütüphanede c. 1 c. 2 c.3 var | ||
| 650 | 0 |
_aGenelDünyaTarihi. _97608 |
|
| 942 |
_2lcc _cBK |
||
| 999 |
_c2891 _d2891 |
||